| 000 | 01246nam0a22002891 4500 | ||
|---|---|---|---|
| 001 | rc\4646686 | ||
| 005 | 20260407105151.0 | ||
| 021 |
_aRU _bП19-60 |
||
| 035 | _a(NLR Aleph) 008410799 | ||
| 090 |
_a9295206 _c9295206 |
||
| 100 | _a20130416d1959 |||y0rusy50 ca | ||
| 101 | 0 | _arus | |
| 102 | _aRU | ||
| 105 | _ay z ||||| | ||
| 200 | 1 |
_a[Материалы VII Совещания по люминесценции (кристаллофосфоры). (Москва, 26 июня-3 июля 1958 г.) _fПод общ. ред. канд. физ.-мат. наук В.Ф. Туницкой, канд. техн. наук С.А. Фридман] |
|
| 210 |
_aМосква _cИзд-во Акад. наук СССР _d1959 |
||
| 215 |
_a1277-1400 с. _d26 |
||
| 225 | 1 |
_aИзвестия Академии наук СССР _iСерия физическая _vТ. 23, № 11 |
|
| 320 | _aБиблиогр. в конце статей | ||
| 702 | 1 |
_aТуницкая _bВ.Ф. _4340 |
|
| 702 | 1 |
_aФридман _bС.А. _4340 |
|
| 710 | 1 | 2 |
_aСовещание по люминесценции _d7 _f1958 _eМосква _3RU\NLR\AUTH\8810060806 _9623009 |
| 801 | 0 |
_aRU _bNLR _gpsbo |
|
| 801 | 1 |
_aRU _bELAR _2rusmarc |
|
| 852 |
_aNLR _jП7/112 |
||
| 942 | _cBOOK | ||
| 980 | _aNB | ||